000 00499cam a2200181 a 4500
001 000018782
005 20200929165846.0
008 720424s1963 nyu 000 1 eng d
040 _aDO-SdBNP
_beng
_cLC
_dBNPHU
050 0 0 _aPZ4.B32
_bWh
082 _ann*
_bB321w
100 1 _aBassing, Eileen,
_d1908-
_940510
245 1 0 _aWhere's Annie? /
_cEileen Bassing.
260 _aNew York :
_bRandom House,
_c1963.
300 _a401 p. ;
_c22 cm.
910 _aCatalogación derivada / LC
049 _aBNGR
999 _c18302
_d18302